Industrias culturales/
El presente artículo forma parte de un informe del CEDEM de la Ciudad de Buenos Aires en Argentina en donde se visualizan datos estadísticos del comportamiento económico del sector cultural y el entretenimiento en la ciudad. Se plantea la importancia del sector en la ciudad por la generación de empl...
保存先:
| 団体著者: | |
|---|---|
| フォーマット: | 図書 |
| 言語: | Spanish |
| 主題: | |
| タグ: |
タグ追加
タグなし, このレコードへの初めてのタグを付けませんか!
|
MARC
| LEADER | 00000nam a22000007a 4500 | ||
|---|---|---|---|
| 003 | cru IIS | ||
| 005 | 20220623105353.0 | ||
| 008 | 220622b2009 ag ||||| |||| 00| 0 spa d | ||
| 040 | |a cru IIS |b spa |c cru IIS | ||
| 090 | |a 03.01.01 C397i | ||
| 110 | |9 10484 |a Argentina. Ministerios de Hacienda. Centro de Estudios para el Desarrollo Económico Metropolitano | ||
| 245 | 1 | |a Industrias culturales/ |c Argentina. Ministerios de Hacienda. Centro de Estudios para el Desarrollo Económico Metropolitano | |
| 300 | |a 73-86 páginas | ||
| 520 | |a El presente artículo forma parte de un informe del CEDEM de la Ciudad de Buenos Aires en Argentina en donde se visualizan datos estadísticos del comportamiento económico del sector cultural y el entretenimiento en la ciudad. Se plantea la importancia del sector en la ciudad por la generación de empleo, el crecimiento económico y el atractivo turístico que genera, al mismo tiempo que se presentan datos comparativos de la ciudad con el resto del país. Finalmente, el texto muestra una serie de datos que muestran la evolución de los mercados del libro, de la música, el cine y la publicidad cinematográfica en un contexto de crisis económica entre el 2007 y el 2008. FGO 23/06/2022 | ||
| 650 | 0 | 0 | |0 TESAURO UNESCO |9 5535 |a ESTADISTICAS ECONOMICAS |
| 650 | 0 | 0 | |0 TESAURO UNESCO |9 10486 |a CULTURA Y DESARROLLO |
| 650 | 0 | 0 | |0 TESAURO UNESCO |9 10487 |a FINANZAS CULTURALES |
| 650 | 0 | 0 | |0 TESAURO UNESCO |9 3384 |a INDICADORES ECONOMICOS |
| 651 | 0 | |2 TESAURO UNESCO |9 3346 |a ARGENTINA | |
| 773 | 0 | |0 1445 |9 7360 |a Argentina. |d Argentina : CEDEM |o 15219 |t Informe económico: |w ()48212 | |
| 942 | |2 ddc |c LI | ||
| 999 | |c 44323 |d 44323 | ||
